[Event "49th Ilmar Raud Memorial"]
[Site "Viljandi"]
[Date "2015.06.30"]
[Round "2.6"]
[White "Miezis, Normunds"]
[Black "Soskov, Vjacheslav"]
[Result "1-0"]
[WhiteElo "2508"]
[BlackElo "2289"]
[PlyCount "117"]
[EventDate "2015.??.??"]
[EventCountry "EST"]

1. c4 e5 2. Nc3 Nf6 3. Nf3 Nc6 4. e3 Bb4 5. Qc2 O-O 6. Nd5 Re8 7. Ng5 g6 8. h4
Bf8 9. a3 Bg7 10. b4 d6 11. Bb2 Bf5 12. d3 Nxd5 13. cxd5 Ne7 14. e4 Bd7 15. f4
exf4 16. Bxg7 Kxg7 17. Qb2+ f6 18. Be2 h6 19. Nf3 c6 20. Qd2 cxd5 21. Qxf4 Qb6
22. g4 dxe4 23. dxe4 d5 24. g5 dxe4 25. gxh6+ Kh8 26. Ne5 Bf5 27. Nf7+ Kh7 28.
Rd1 Qe6 29. Nd6 Nd5 30. Qg3 Qe5 31. Rg1 Nf4 32. Nxf5 Qxf5 33. Rf1 g5 34. hxg5
fxg5 35. Bg4 Nd3+ 36. Kd2 Qe5 37. Bf5+ Kh8 38. Qxe5+ Nxe5 39. Ke2 Re7 40. Rd4
e3 41. Re4 Rae8 42. b5 b6 43. a4 g4 44. Rg1 Nf3 45. Rgxg4 Nd2 46. Rxe7 Rxe7 47.
Rd4 Re8 48. Bg6 Nf3 49. Re4 Rxe4 50. Bxe4 Nd4+ 51. Kxe3 Ne6 52. Bc2 Nc5 53. Kd4
a6 54. a5 bxa5 55. b6 Nd7 56. b7 Nb8 57. Kc5 a4 58. Bxa4 Kh7 59. Kb6 1-0

[Event "49th Ilmar Raud Memorial"]
[Site "Viljandi"]
[Date "2015.06.30"]
[Round "2.7"]
[White "Narva, Mai"]
[Black "Kveinys, Aloyzas"]
[Result "0-1"]
[WhiteElo "2252"]
[BlackElo "2486"]
[PlyCount "110"]
[EventDate "2015.??.??"]
[EventCountry "EST"]

1. e4 c5 2. Nf3 e6 3. d4 cxd4 4. Nxd4 a6 5. Bd3 Bc5 6. Nf3 Nc6 7. O-O d6 8. c4
Nge7 9. Qe2 O-O 10. Nc3 e5 11. h3 Be6 12. Be3 Ng6 13. Na4 Qe7 14. Nb6 Bxb6 15.
Bxb6 Nf4 16. Qe3 Nb4 17. Bb1 Bxc4 18. Rd1 Rac8 19. b3 Bb5 20. Kh2 Be2 21. Re1
Bxf3 22. Qxf3 Nc2 23. Bxc2 Rxc2 24. Rec1 Rfc8 25. Rxc2 Rxc2 26. Qd1 Rc6 27. Be3
Ne6 28. Qd5 h6 29. Rd1 Nc7 30. Qd3 Ne8 31. Bc1 Qc7 32. Bb2 Rc2 33. Rd2 Rxd2 34.
Qxd2 Qc6 35. f3 Nc7 36. Qb4 f6 37. Ba3 Nb5 38. Bb2 Qc5 39. Qa5 Nc7 40. Qa4 b5
41. Qa5 b4 42. Qa4 Qb5 43. Qxb5 Nxb5 44. Kg3 Kf7 45. Kf2 Ke6 46. Ke3 d5 47.
exd5+ Kxd5 48. g4 g6 49. f4 Nc3 50. Bxc3 exf4+ 51. Kxf4 bxc3 52. Ke3 f5 53.
gxf5 gxf5 54. Kd3 f4 55. Kxc3 Ke4 0-1

[Event "49th Ilmar Raud Memorial"]
[Site "Viljandi"]
[Date "2015.06.30"]
[Round "2.8"]
[White "Meskovs, Nikita"]
[Black "Jezov, Roman"]
[Result "1/2-1/2"]
[WhiteElo "2451"]
[BlackElo "2258"]
[PlyCount "60"]
[EventDate "2015.??.??"]
[EventCountry "EST"]

1. d4 Nf6 2. c4 c5 3. d5 e6 4. Nc3 exd5 5. cxd5 d6 6. Nf3 g6 7. Nd2 Nbd7 8. e4
Bg7 9. Be2 O-O 10. O-O Re8 11. a4 Ne5 12. Ra3 Bg4 13. f3 Bd7 14. Nb5 Qb8 15. f4
Bxb5 16. Bxb5 Ned7 17. Qf3 Re7 18. a5 a6 19. Bd3 Qc7 20. Nc4 b5 21. axb6 Nxb6
22. Na5 Rae8 23. Nc6 Rxe4 24. Bxe4 Rxe4 25. Rxa6 Nbxd5 26. f5 Qb7 27. Ra7 Qxc6
28. fxg6 hxg6 29. Rxf7 Kxf7 30. Qxe4 Ne7 1/2-1/2

[Event "49th Ilmar Raud Memorial"]
[Site "Viljandi"]
[Date "2015.06.30"]
[Round "2.9"]
[White "Vorobjov, Pavel"]
[Black "Smirnov, Artem"]
[Result "0-1"]
[WhiteElo "2201"]
[BlackElo "2448"]
[PlyCount "94"]
[EventDate "2015.??.??"]
[EventCountry "EST"]

1. d4 Nf6 2. c4 e6 3. Nc3 Bb4 4. e3 c5 5. a3 Bxc3+ 6. bxc3 d6 7. Nf3 Nc6 8. Qc2
O-O 9. Bd3 e5 10. d5 e4 11. Bxe4 Nxe4 12. Qxe4 Qf6 13. O-O Na5 14. Qd3 Bg4 15.
Nd2 Qg6 16. Qxg6 hxg6 17. f3 Bc8 18. Kf2 b6 19. Ke2 f5 20. Kd3 Ba6 21. Bb2 Rae8
22. Rae1 Re7 23. Bc1 Rfe8 24. Rg1 Nb7 25. Nb1 Nd8 26. a4 Nf7 27. f4 g5 28. Bd2
Re4 29. Na3 Rxc4 30. Nxc4 Re4 31. g4 Bxc4+ 32. Kc2 fxg4 33. Rxg4 Bxd5 34. Ra1
Be6 35. Rgg1 Bf5 36. Kd1 g4 37. Ke2 d5 38. a5 b5 39. a6 Nd6 40. Rgb1 Re6 41.
Rb2 Rh6 42. Kf1 Rxh2 43. Kg1 Rh3 44. Bc1 g3 45. Kg2 Ne4 46. Rxb5 Rh2+ 47. Kg1
Nf2 0-1

[Event "49th Ilmar Raud Memorial"]
[Site "Viljandi"]
[Date "2015.06.30"]
[Round "2.10"]
[White "Shvyrjov, Igor"]
[Black "Dubrovin, Robert"]
[Result "1/2-1/2"]
[WhiteElo "2433"]
[BlackElo "2230"]
[PlyCount "117"]
[EventDate "2015.??.??"]
[EventCountry "EST"]

1. Nf3 Nf6 2. b3 d5 3. Bb2 Bf5 4. g3 e6 5. Bg2 h6 6. c4 c6 7. O-O Be7 8. d3 O-O
9. Nbd2 Nbd7 10. Re1 Bh7 11. Qc2 a5 12. Ne5 Nxe5 13. Bxe5 Nd7 14. Bc3 Bf6 15.
a3 Bxc3 16. Qxc3 Qf6 17. d4 Rfd8 18. e3 Ra7 19. Rac1 Qe7 20. Ra1 Nf6 21. b4
axb4 22. axb4 Rda8 23. c5 Ra2 24. f3 Qd8 25. Nb3 Rc2 26. Rxa8 Qxa8 27. Qa1 Qxa1
28. Rxa1 Bd3 29. Na5 e5 30. Nxb7 e4 31. Nd6 Rb2 32. fxe4 dxe4 33. b5 cxb5 34.
Rc1 Nd5 35. Bxe4 Bxe4 36. Nxe4 b4 37. c6 b3 38. Nc5 f5 39. g4 g6 40. gxf5 gxf5
41. Nxb3 Rxb3 42. Rc5 Nc7 43. Kf2 Rb5 44. Rc3 Kf7 45. Kf3 Ke6 46. Rc2 Rb3 47.
Rc5 Rb5 48. Rc2 Kd6 49. Rg2 Kxc6 50. Rg6+ Kd7 51. Rxh6 Nd5 52. Rh7+ Ke6 53.
Rh6+ Ke7 54. Rh7+ Kf6 55. Rh6+ Kf7 56. Rh7+ Kf6 57. Rh6+ Kf7 58. Rh7+ Kf6 59.
Rh6+ 1/2-1/2

[Event "49th Ilmar Raud Memorial"]
[Site "Viljandi"]
[Date "2015.06.30"]
[Round "2.11"]
[White "Soot, Margus"]
[Black "Sepp, Olav"]
[Result "0-1"]
[WhiteElo "2101"]
[BlackElo "2426"]
[PlyCount "76"]
[EventDate "2015.??.??"]
[EventCountry "EST"]

1. c4 g6 2. Nc3 Bg7 3. g3 Nf6 4. Bg2 O-O 5. Nf3 d6 6. d3 e5 7. Bg5 h6 8. Bd2
Nc6 9. O-O Be6 10. h3 Qd7 11. Kh2 Rae8 12. Rc1 Nh7 13. Ng1 f5 14. f4 Nf6 15.
Nd5 exf4 16. gxf4 Bxd5 17. cxd5 Nd8 18. Qc2 Re7 19. Ba5 b6 20. Bc3 Rfe8 21. b4
Nh5 22. Qd2 Kh7 23. Bf3 Qb5 24. a3 Nf6 25. Qa2 Rg8 26. Rc2 Qe8 27. Bg2 Qf7 28.
Rfc1 Nh5 29. Rf1 Bxc3 30. Rxc3 Qf6 31. Qc4 b5 32. Qb3 Qh4 33. d4 Nxf4 34. Rg3
Nh5 35. Rd3 Nf7 36. e4 fxe4 37. Re3 Kg7 38. Qc2 Ng5 0-1

[Event "49th Ilmar Raud Memorial"]
[Site "Viljandi"]
[Date "2015.06.30"]
[Round "2.12"]
[White "Seeman, Tarvo"]
[Black "Dragun, Valentin"]
[Result "1-0"]
[WhiteElo "2414"]
[BlackElo "2099"]
[PlyCount "115"]
[EventDate "2015.??.??"]
[EventCountry "EST"]

1. Nf3 Nf6 2. d4 g6 3. Bg5 Bg7 4. Nbd2 O-O 5. e4 d6 6. Bc4 Nc6 7. c3 e5 8. dxe5
dxe5 9. a4 Qe7 10. a5 h6 11. Bh4 g5 12. Bg3 Bg4 13. a6 Rad8 14. Qa4 Rd6 15.
axb7 Nd7 16. Bb5 Bxf3 17. Nxf3 Nc5 18. Qa3 Nb8 19. Qxa7 Rb6 20. Bc4 Rxb2 21.
O-O Rxb7 22. Qa3 Nbd7 23. Rfe1 Rbb8 24. Nd2 Bf6 25. f3 Qd6 26. Red1 Be7 27. Nf1
Qc6 28. Bd5 Qb6 29. Bf2 c6 30. Bc4 Qb2 31. Qxb2 Rxb2 32. Ra7 Rd8 33. Ne3 Rbb8
34. Nf5 Bf8 35. h4 Ra8 36. Rc7 Rac8 37. Rxc8 Rxc8 38. g4 Rb8 39. Nd6 Ra8 40.
Bxf7+ Kg7 41. Be8 Kf6 42. Nf5 Nb6 43. Bxc6 Ra3 44. Rd8 Ne6 45. Bxb6 Nxd8 46.
Bxd8+ Kg6 47. h5+ Kf7 48. Bd5+ Ke8 49. Bf6 Rxc3 50. Bxe5 Rxf3 51. Kg2 Rd3 52.
Kf2 Rd1 53. Ke2 Rg1 54. Bg3 Bc5 55. e5 Rb1 56. e6 Rb6 57. Kd3 Rb4 58. Bd6 1-0

[Event "49th Ilmar Raud Memorial"]
[Site "Viljandi"]
[Date "2015.06.30"]
[Round "2.13"]
[White "Chukavin, Kirill"]
[Black "Ladva, Ottomar"]
[Result "1-0"]
[WhiteElo "2096"]
[BlackElo "2411"]
[PlyCount "73"]
[EventDate "2015.??.??"]
[EventCountry "EST"]

1. e4 g6 2. d4 Bg7 3. Nc3 c6 4. f4 d5 5. Nf3 dxe4 6. Nxe4 Nf6 7. Nxf6+ Bxf6 8.
c3 O-O 9. Bc4 Bg4 10. Be3 Nd7 11. O-O Qc7 12. h3 Bxf3 13. Qxf3 c5 14. d5 Nb6
15. Be2 Rad8 16. Rad1 Nc8 17. Rd2 Nd6 18. g4 b5 19. Kh1 Kh8 20. f5 gxf5 21. Bd3
e6 22. Rg2 exd5 23. Bxf5 Be5 24. Bb1 f6 25. g5 f5 26. g6 Ne4 27. Bxe4 dxe4 28.
Qh5 f4 29. Bxc5 Rg8 30. Rg5 Rge8 31. Rfg1 e3 32. gxh7 Qc6+ 33. R1g2 Rd1+ 34.
Qxd1 e2 35. Rg8+ Kxh7 36. Qd3+ Kh6 37. R8g6+ 1-0

[Event "49th Ilmar Raud Memorial"]
[Site "Viljandi"]
[Date "2015.06.30"]
[Round "2.17"]
[White "Petrov, Dmitri"]
[Black "Pedoson, Georg Aleksander"]
[Result "0-1"]
[WhiteElo "2083"]
[BlackElo "1685"]
[PlyCount "74"]
[EventDate "2015.??.??"]
[EventCountry "EST"]

1. e4 e5 2. d4 exd4 3. Qxd4 Nc6 4. Qe3 Nf6 5. Nc3 Bb4 6. Bd2 O-O 7. O-O-O d6 8.
Qg3 Re8 9. f3 a5 10. h4 Bc5 11. h5 Ne5 12. Bh6 Nfg4 13. fxg4 gxh6 14. Nf3 f6
15. Be2 c6 16. Qf4 Kg7 17. Nd4 b5 18. Rhf1 a4 19. a3 b4 20. axb4 Bxb4 21. Nb1
Rf8 22. Nf3 Qb6 23. Nxe5 dxe5 24. Qg3 Be6 25. Rf3 Rab8 26. g5 hxg5 27. h6+ Kh8
28. Rdf1 Be7 29. b3 axb3 30. cxb3 Qd4 31. Rd1 Qa1 32. Rfd3 c5 33. Rd7 Rxb3 34.
Qxb3 Bxb3 35. R1d2 Ba2 36. Rb2 Bxb1 37. Rxb1 Qa3+ 0-1

[Event "49th Ilmar Raud Memorial"]
[Site "Viljandi"]
[Date "2015.06.30"]
[Round "2.18"]
[White "Viikmaa, Karmen"]
[Black "Porrasmaa, Timo"]
[Result "1/2-1/2"]
[WhiteElo "1692"]
[BlackElo "2056"]
[PlyCount "103"]
[EventDate "2015.??.??"]
[EventCountry "EST"]

1. e4 c5 2. Nf3 Nc6 3. Bb5 d6 4. O-O Bd7 5. Re1 Nf6 6. Bxc6 Bxc6 7. e5 dxe5 8.
Nxe5 Rc8 9. Nxc6 Rxc6 10. Nc3 g6 11. Qf3 Bg7 12. d3 O-O 13. Bg5 Qd7 14. Rad1 h6
15. Bh4 Rd8 16. h3 Rb6 17. b3 Qd4 18. Ne4 Nd5 19. c3 Nxc3 20. Nxc3 Qxh4 21. Nd5
Rxd5 22. Qxd5 Bd4 23. Re2 Rf6 24. Rdd2 e5 25. Qxb7 g5 26. Qc8+ Kg7 27. Qg4 Qxg4
28. hxg4 Rb6 29. Kf1 Kg6 30. Rd1 h5 31. gxh5+ Kxh5 32. g3 Kg6 33. Kg2 f5 34. f4
gxf4 35. gxf4 exf4 36. Re7 Ra6 37. Rd2 Be3 38. Rc2 Rd6 39. Rc3 Bd4 40. Rc4 Be3
41. Rc3 Kh6 42. Kf3 Kg5 43. Rg7+ Kf6 44. Rg2 Ke5 45. Ke2 Ra6 46. Rc2 Rh6 47.
Rc4 Rh3 48. Rf2 Bd4 49. Rxd4 cxd4 50. Rf3 Rh6 51. Rf2 Rh3 52. Rf3 1/2-1/2

[Event "49th Ilmar Raud Memorial"]
[Site "Viljandi"]
[Date "2015.06.30"]
[Round "2.19"]
[White "Haavamae, Henrik"]
[Black "Tokar, Tanel"]
[Result "0-1"]
[WhiteElo "2055"]
[BlackElo "1673"]
[PlyCount "49"]
[EventDate "2015.??.??"]
[EventCountry "EST"]

1. e4 e6 2. d4 d5 3. Nc3 Bb4 4. e5 c5 5. a3 cxd4 6. axb4 dxc3 7. bxc3 Ne7 8.
Bd3 Ng6 9. f4 f5 10. Nf3 Nh4 11. Ng5 Ng6 12. O-O h5 13. Qe2 a6 14. c4 Qb6+ 15.
Kh1 Qxb4 16. Ba3 Qb6 17. cxd5 Qd4 18. dxe6 Nxf4 19. Qf3 Nxd3 20. Qxf5 Nf2+ 21.
Rxf2 Qxa1+ 22. Rf1 Qxf1+ 23. Qxf1 Nc6 24. Qf7+ Kd8 25. e7+ 0-1

[Event "49th Ilmar Raud Memorial"]
[Site "Viljandi"]
[Date "2015.06.30"]
[Round "2.20"]
[White "Sinitsina, Anastassia"]
[Black "Tominga, Eke"]
[Result "0-1"]
[WhiteElo "1673"]
[BlackElo "2036"]
[PlyCount "110"]
[EventDate "2015.??.??"]
[EventCountry "EST"]

1. e4 e5 2. Nf3 Nc6 3. Bb5 a6 4. Ba4 Nf6 5. O-O Be7 6. Re1 b5 7. Bb3 O-O 8. d3
d6 9. a4 Bg4 10. Be3 Na5 11. Ba2 bxa4 12. Nc3 c5 13. Nxa4 Qc7 14. h3 Bd7 15.
Nc3 Rfb8 16. Nd5 Nxd5 17. Bxd5 Bc6 18. Bxc6 Nxc6 19. Qc1 Rb5 20. Nd2 Bf8 21.
Nc4 g6 22. Bh6 Bxh6 23. Qxh6 Nd4 24. Rac1 a5 25. c3 Ne6 26. Re3 Ra6 27. Rf3 Qe7
28. Ra1 a4 29. Re3 Rb3 30. g3 Nc7 31. Re2 Nb5 32. Qc1 Nc7 33. Kg2 Kg7 34. Ne3
Qd7 35. Ng4 Ne8 36. Qh6+ Kg8 37. f4 f6 38. f5 Qg7 39. fxg6 hxg6 40. Qe3 Kf7 41.
Rf2 Ke6 42. Qe2 Qb7 43. Ra2 a3 44. Rxa3 Rbxa3 45. bxa3 Rxa3 46. Qf1 f5 47. Rxf5
Qb2+ 48. Rf2 Qxc3 49. Rf8 Ra2+ 50. Nf2 Ke7 51. Rh8 Qd4 52. Rh7+ Ke6 53. Rh6 Nf6
54. Rxg6 c4 55. Rg5 cxd3 0-1

[Event "49th Ilmar Raud Memorial"]
[Site "Viljandi"]
[Date "2015.06.30"]
[Round "2.21"]
[White "Vahtra, Tuuli"]
[Black "Maasik, Liisa"]
[Result "1-0"]
[WhiteElo "2025"]
[BlackElo "1487"]
[PlyCount "117"]
[EventDate "2015.??.??"]
[EventCountry "EST"]

1. c4 Nf6 2. Nc3 e6 3. d4 b6 4. a3 Bb7 5. Bg5 Be7 6. Nf3 O-O 7. Bxf6 Bxf6 8. e4
d6 9. Be2 Nc6 10. Qd2 e5 11. d5 Nb8 12. b4 a5 13. Rb1 Bc8 14. Bd3 Bg4 15. Be2
Be7 16. h3 Bh5 17. g4 Bg6 18. h4 f6 19. h5 Be8 20. b5 Nd7 21. Nh4 f5 22. Nxf5
Bg5 23. Qd3 Nc5 24. Qh3 Bd7 25. a4 Qf6 26. Kd1 Rf7 27. Kc2 Bxf5 28. gxf5 Qh6
29. Rbd1 Kf8 30. Qg2 Ke8 31. Bg4 Kd8 32. Qf1 Rf6 33. Qe2 Kc8 34. Kb2 Kb7 35.
Ka3 Rf7 36. Nb1 Qf6 37. Rh2 Bf4 38. Rh3 Qg5 39. Nd2 Qh6 40. Nb3 Qg5 41. Nxc5+
bxc5 42. Kb2 Kb6 43. Kc2 Rff8 44. Rhh1 Rf6 45. Rdg1 Qh6 46. Bf3 Rg8 47. Rg4 Re8
48. Rhg1 Re7 49. Qe1 g5 50. fxg6 hxg6 51. Rxg6 Rxg6 52. Rxg6 Qh8 53. Qg1 Rf7
54. Qg4 Rf8 55. Qd7 Rc8 56. Qc6+ Ka7 57. Qa6+ Kb8 58. b6 cxb6 59. Rxd6 1-0

[Event "49th Ilmar Raud Memorial"]
[Site "Viljandi"]
[Date "2015.06.30"]
[Round "2.22"]
[White "Tonso, Liina"]
[Black "Narva, Regina"]
[Result "0-1"]
[WhiteElo "1605"]
[BlackElo "2007"]
[PlyCount "86"]
[EventDate "2015.??.??"]
[EventCountry "EST"]

1. e4 b6 2. d4 Bb7 3. Bd3 g6 4. c4 Bg7 5. Nf3 d6 6. Nc3 Nd7 7. O-O e6 8. Qc2
Ne7 9. b3 h6 10. Bb2 g5 11. Ne2 Ng6 12. Nd2 Nf4 13. Rab1 e5 14. d5 Qf6 15. Ng3
h5 16. Nf5 Nc5 17. g3 Nfxd3 18. Bc3 Bc8 19. Nxg7+ Qxg7 20. b4 Nxb4 21. Bxb4 Bh3
22. Rfe1 Nd7 23. Nf3 h4 24. Bd2 f6 25. a4 Qh7 26. Bc3 Bg4 27. Re3 Nc5 28. Qe2
Qh5 29. Kf1 Nxe4 30. Ke1 hxg3 31. fxg3 Bxf3 32. Rxf3 Nxc3 33. Rxc3 Qxe2+ 34.
Kxe2 Rxh2+ 35. Kf3 f5 36. a5 g4+ 37. Ke3 Ke7 38. Rf1 Kf6 39. Rg1 Rah8 40. axb6
axb6 41. Ra3 Rb2 42. Ra7 Rhh2 43. Ra3 Rbd2 0-1

[Event "49th Ilmar Raud Memorial"]
[Site "Viljandi"]
[Date "2015.06.30"]
[Round "3.1"]
[White "Aleksandrov, Aleksej"]
[Black "Seeman, Tarvo"]
[Result "1-0"]
[WhiteElo "2607"]
[BlackElo "2414"]
[PlyCount "71"]
[EventDate "2015.??.??"]
[EventCountry "EST"]

1. d4 Nf6 2. c4 g6 3. Nc3 Bg7 4. e4 d6 5. Be2 O-O 6. Bg5 Na6 7. Nf3 h6 8. Bh4
e5 9. O-O g5 10. dxe5 Nh5 11. Bg3 Nxg3 12. hxg3 dxe5 13. Nh2 (13. Ne1) (13. Qb1
) 13... Be6 (13... Nc5 14. Bg4 Ne6) 14. Qb3 Qc8 15. Nd5 Kh8 16. Rad1 c6 17. Ne7
(17. Ne3 Nc5 18. Qc2 a5 19. Bg4 Qc7 20. Bf5 Rad8 21. Qe2) 17... Qc7 18. Nf5
Rfd8 19. Qf3 Nc5 20. Qh5 Bxf5 21. exf5 Ne4 22. Ng4 Kh7 23. c5 Qe7 (23... Nf6
24. Nxf6+ Bxf6 25. Bc4 (25. Rd6 Rxd6 26. cxd6 Qd7) 25... Kg7) 24. Bc4 Nf6 (
24... Rxd1 25. Rxd1 Rf8 26. Rd6 Nxd6 (26... f6 27. Nxh6 Bxh6 28. Qg6+ Kh8 29.
Qxh6+ Qh7 30. Qxf8+) 27. f6 Bxf6 28. Qxh6+ Kg8 29. cxd6) (24... Rf8 25. Rfe1 (
25. Rd6 f6 26. Qg6+ Kh8 27. Nxh6 Bxh6 28. Qxh6+ Qh7 29. Qxh7+ Kxh7 30. Rd7+ Kh6
31. b4 Rad8 (31... a5 32. Re1)) 25... Nf6 26. Nxf6+ Bxf6 27. Rd6) 25. Nxf6+
Qxf6 26. Bxf7 Qxf5 27. Rd6 Rxd6 28. cxd6 e4 (28... Rd8 29. Rd1 Bf8 30. d7 Bc5
31. Qf3 (31. Kh2 e4) 31... Qxf3 32. gxf3 Kg7 33. Be8) 29. Rd1 Rd8 30. d7 Bf8
31. Be8 Bc5 32. Qe2 g4 (32... a5 33. Qc2) 33. b4 Bxb4 (33... Bb6 34. Rd6 Qe5)
34. Rd4 Bc5 35. Rxe4 h5 36. Re7+ 1-0

[Event "49th Ilmar Raud Memorial"]
[Site "Viljandi"]
[Date "2015.06.30"]
[Round "3.2"]
[White "Smirnov, Artem"]
[Black "Neiksans, Arturs"]
[Result "0-1"]
[WhiteElo "2448"]
[BlackElo "2600"]
[PlyCount "72"]
[EventDate "2015.??.??"]
[EventCountry "EST"]

1. d4 Nf6 2. c4 e6 3. Nf3 b6 4. g3 Ba6 5. Qc2 c5 6. d5 exd5 7. cxd5 g6 8. Nc3
Bg7 9. Bg2 O-O 10. O-O Re8 11. Re1 d6 12. e4 Nbd7 13. Bf4 Qb8 14. a4 Ng4 15.
Nb5 Nge5 16. Nxe5 Nxe5 17. Bd2 Bxb5 18. axb5 c4 19. Bc3 Qc8 20. Ra4 Nd3 21.
Rea1 Bxc3 22. Qxc3 Qc5 23. Qf6 Qxb5 24. Rxa7 Rxa7 25. Rxa7 Rf8 26. Rc7 Qxb2 27.
Qxb2 Nxb2 28. f4 b5 29. e5 dxe5 30. d6 Rd8 31. d7 Kf8 32. Rb7 exf4 33. Rxb5 Nd3
34. Rd5 fxg3 35. hxg3 Ke7 36. Bh3 f5 0-1

[Event "49th Ilmar Raud Memorial"]
[Site "Viljandi"]
[Date "2015.06.30"]
[Round "3.3"]
[White "Sepp, Olav"]
[Black "Miezis, Normunds"]
[Result "0-1"]
[WhiteElo "2426"]
[BlackElo "2508"]
[PlyCount "84"]
[EventDate "2015.??.??"]
[EventCountry "EST"]

1. Nf3 c5 2. c4 Nc6 3. Nc3 e5 4. g3 g6 5. Bg2 Bg7 6. O-O Nge7 7. a3 a5 8. d3
O-O 9. Ne1 d6 10. Nc2 h6 11. Ne3 Nd4 12. Re1 Kh7 13. Rb1 f5 14. Ned5 Nxd5 15.
Bxd5 Nc6 16. e3 g5 17. Bd2 Qf6 18. Bg2 Qf7 19. Nd5 Be6 20. b4 axb4 21. axb4 f4
22. b5 Nd8 23. exf4 gxf4 24. gxf4 Bf5 25. Bc3 Ne6 26. fxe5 Ra3 27. Qd2 dxe5 28.
Ra1 Rxc3 29. Nxc3 Nf4 30. Re3 h5 (30... e4 31. dxe4 (31. Bxe4 Bxe4 32. dxe4
Bxc3 33. Qxc3 Qg6+) 31... Bg4 32. Ra3 Nxg2 33. Kxg2 Bf3+ 34. Kf1 Bd4 35. Nd5)
31. Ne4 (31. Be4 Bh6 32. Qe1) 31... Qe7 32. Ra7 Nxg2 33. Kxg2 Bh6 34. Qe2 h4
35. Kf1 Kg6 36. Rf3 Bf4 37. Nc3 Bxh2 38. Qe3 (38. Rxf5 Rxf5 39. Ra8) 38... Kh5
39. Ne4 (39. Ra8 Rxa8 40. Rxf5+ Kg6 41. Qe4) (39. Nd5 Qg7 40. Ra8) (39. Rxf5+
Rxf5 40. Qh3 Qg5 41. Ne2 Bf4 42. Ra8) 39... Qg7 40. Ke1 (40. Rxb7 Qg1+ 41. Ke2
Bf4 42. Rxf4 exf4 43. Qxc5) 40... Bf4 41. Rxf4 (41. Qxc5 Qg1+ 42. Ke2 Bg4 43.
Nd2 Qc1) 41... exf4 42. Qxf4 (42. Qxc5 h3 43. Rxb7 Qxb7 44. Qxf8 Bxe4 45. dxe4
Qxe4+ 46. Kd2 Qd4+ 47. Ke1 Qc3+ 48. Kd1 Qe5) 42... Bxe4 0-1

[Event "49th Ilmar Raud Memorial"]
[Site "Viljandi"]
[Date "2015.06.30"]
[Round "3.4"]
[White "Blomqvist, Erik"]
[Black "Berzinsh, Roland"]
[Result "1/2-1/2"]
[WhiteElo "2509"]
[BlackElo "2402"]
[PlyCount "59"]
[EventDate "2015.??.??"]
[EventCountry "EST"]

1. e4 d6 2. d4 Nf6 3. Nc3 e5 4. Nf3 Nbd7 5. Bc4 Be7 6. a4 O-O 7. O-O c6 8. h3
exd4 9. Nxd4 Nxe4 10. Nxe4 d5 11. Nf5 Nb6 12. Nxe7+ Qxe7 13. Bxd5 Nxd5 14. Re1
Bf5 15. Qf3 Bg6 16. Bd2 Rfe8 17. Nc3 Qf6 18. Nxd5 Qxf3 19. gxf3 cxd5 20. c3 a6
21. a5 Bf5 22. Kg2 Re6 23. Rxe6 Bxe6 24. h4 Bd7 25. Be3 Bb5 26. Rd1 Rd8 27. Bb6
Rd6 28. Re1 Rg6+ 29. Kh2 Re6 30. Rxe6 1/2-1/2

[Event "49th Ilmar Raud Memorial"]
[Site "Viljandi"]
[Date "2015.06.30"]
[Round "3.5"]
[White "Kveinys, Aloyzas"]
[Black "Chukavin, Kirill"]
[Result "1-0"]
[WhiteElo "2486"]
[BlackElo "2096"]
[PlyCount "47"]
[EventDate "2015.??.??"]
[EventCountry "EST"]

1. d4 Nf6 2. Nf3 e6 3. c4 Bb4+ 4. Bd2 Qe7 5. g3 Nc6 6. Nc3 O-O 7. Bg2 d6 8. O-O
Bxc3 9. Bxc3 Ne4 10. Be1 e5 11. d5 Nd8 12. Qc2 f5 13. Nh4 Ng5 14. f4 exf4 15.
Rxf4 g6 16. Bc3 Ndf7 17. e4 Ne5 18. exf5 Bxf5 19. Nxf5 Rxf5 20. Raf1 Rff8 21.
h4 Ngf7 22. Bh3 g5 23. Rf6 gxh4 24. Be6 1-0

[Event "49th Ilmar Raud Memorial"]
[Site "Viljandi"]
[Date "2015.06.30"]
[Round "3.6"]
[White "Kulaots, Kaido"]
[Black "Kanep, Siim"]
[Result "1-0"]
[WhiteElo "2574"]
[BlackElo "2161"]
[PlyCount "93"]
[EventDate "2015.??.??"]
[EventCountry "EST"]

1. e4 c5 2. Nc3 Nc6 3. Bb5 e6 4. Bxc6 bxc6 5. d3 e5 6. f4 exf4 7. Bxf4 Ne7 8.
Nf3 Ng6 9. Bg3 Be7 10. e5 O-O 11. Ne4 f5 12. exf6 Bxf6 13. Nxf6+ Qxf6 14. O-O
Qxb2 15. Bd6 Rf5 16. c4 Ba6 17. Qd2 Qf6 18. Bg3 Rf8 19. Qa5 Bc8 20. Qxa7 h5 (
20... Rxf3 21. gxf3 d6 {[%cal Rc8h3,Rg6e5] Ehlvest}) 21. Qc7 Nf4 22. Bxf4 Rxf4
23. Rab1 d5 24. cxd5 Bg4 25. Qxc6 Bxf3 26. Qxf6 R8xf6 27. Rxf3 Rxf3 28. gxf3
Rxf3 29. Rb3 Rf5 30. a4 Rxd5 31. Ra3 Rd6 32. a5 Ra6 33. Kf2 Kf7 34. Ke3 g5 35.
Ke4 Ke6 36. Ra4 g4 37. Kf4 Kf6 38. Ra1 Kg6 39. Ke5 h4 40. Kd5 g3 41. hxg3 hxg3
42. Kxc5 g2 43. Kb4 Rf6 44. Rg1 Rf2 45. Kb3 Rd2 46. a6 Rxd3+ 47. Kb4 1-0

[Event "49th Ilmar Raud Memorial"]
[Site "Viljandi"]
[Date "2015.06.30"]
[Round "3.7"]
[White "Sirosh, Ilja"]
[Black "Ehlvest, Jaan"]
[Result "0-1"]
[WhiteElo "2314"]
[BlackElo "2545"]
[PlyCount "158"]
[EventDate "2015.??.??"]
[EventCountry "EST"]

1. d4 Nf6 2. c4 e6 3. g3 Bb4+ 4. Bd2 Qe7 5. Nf3 Bxd2+ 6. Qxd2 Nc6 7. Nc3 d5 8.
Bg2 O-O 9. O-O dxc4 10. Ne5 Nxe5 11. dxe5 Nd7 12. Qd4 Qc5 13. Qxc5 Nxc5 14.
Rfd1 Rb8 15. Ne4 Nxe4 16. Bxe4 b5 17. a4 b4 18. Rac1 Ba6 19. Rd7 Rfc8 20. e3
Kf8 21. Bf3 c3 22. bxc3 b3 23. Rb1 Bb7 24. Bxb7 Rxb7 25. a5 Ke8 26. Rd2 c5 27.
c4 Rb4 28. Kf1 Rcb8 29. Rdb2 Kd7 30. Ke2 Rxc4 31. Rxb3 Rxb3 32. Rxb3 Rb4 33.
Rd3+ Kc7 34. Rd6 Rb2+ 35. Kf3 c4 36. Rd4 Rb5 37. Rxc4+ Kd7 38. Rd4+ Ke7 39. a6
Rxe5 40. Rb4 Rf5+ 41. Ke4 Rxf2 42. Rb7+ Kf6 43. h4 Ra2 44. Rxa7 Ra4+ 45. Kf3 h5
46. Ra8 Ke5 47. Ra7 Kf6 48. Ra8 Kg6 49. a7 Kf6 50. Ke2 g6 51. Kf3 Kf5 52. Rb8
Rxa7 53. Rb5+ Kf6 54. Kf4 Ra1 55. Rb8 Rf1+ 56. Ke4 Kg7 57. Ra8 Kf6 58. Rb8 Kg7
59. Rb7 Kh6 60. Rb5 Rf2 61. Ra5 Rf6 62. Ra8 Kg7 63. Ra7 Rf2 64. Rb7 Kf6 65. Rb8
Ke7 66. Ra8 Kd6 67. Ra6+ Kc5 68. Ra5+ Kb4 69. Ra8 Kc3 70. Rc8+ Kd2 71. Ra8 Ke2
72. Ra7 Rf5 73. Ra2+ Kf1 74. Kd3 Rf3 75. Ra4 Kf2 76. g4 Rxe3+ 77. Kd2 Rf3 78.
gxh5 gxh5 79. Ra5 Rf5 0-1

[Event "49th Ilmar Raud Memorial"]
[Site "Viljandi"]
[Date "2015.06.30"]
[Round "3.8"]
[White "Dubrovin, Robert"]
[Black "Meskovs, Nikita"]
[Result "0-1"]
[WhiteElo "2230"]
[BlackElo "2451"]
[PlyCount "116"]
[EventDate "2015.??.??"]
[EventCountry "EST"]

1. Nf3 Nf6 2. c4 g6 3. Nc3 d5 4. cxd5 Nxd5 5. g3 Bg7 6. Bg2 Nb6 7. O-O Nc6 8.
d3 O-O 9. Bd2 e5 10. Rc1 h6 11. Na4 Re8 12. Nc5 a5 13. Ne1 Qd6 14. Ne4 Qe6 15.
Nc5 Qxa2 16. b3 Qa3 17. Nxb7 Bxb7 18. Bxc6 Bxc6 19. Rxc6 Reb8 20. Qc2 Nd5 21.
Rc5 c6 22. Rxc6 Rxb3 23. Rc8+ Rxc8 24. Qxc8+ Kh7 25. Qc4 Nc3 26. Bxc3 Rxc3 27.
Qxf7 Qb2 28. Nf3 Qxe2 29. Re1 Qxd3 30. Nxe5 Qf5 31. Qa7 Rc2 32. Kg2 a4 33. Nf3
Qc5 34. Qxc5 Rxc5 35. Re2 a3 36. Ra2 Bb2 37. Ne1 Rc3 38. Kf1 Kg7 39. Ke2 Kf6
40. Nd3 Kf5 41. Kd2 Rb3 42. f3 Rb6 43. Kc2 Rc6+ 44. Kd2 Bc3+ 45. Kc2 Bd4+ 46.
Kd2 Rc3 47. Ne1 Bf6 48. Nd3 h5 49. h3 Bh8 50. g4+ Kg5 51. f4+ Kh4 52. f5 g5 53.
gxh5 Kxh5 54. Nf2 Rf3 55. Ke2 Rb3 56. Kf1 Bd4 57. Ne4 Rxh3 58. Rg2 Rf3+ 0-1

[Event "49th Ilmar Raud Memorial"]
[Site "Viljandi"]
[Date "2015.06.30"]
[Round "3.9"]
[White "Jezov, Roman"]
[Black "Shvyrjov, Igor"]
[Result "0-1"]
[WhiteElo "2258"]
[BlackElo "2433"]
[PlyCount "60"]
[EventDate "2015.??.??"]
[EventCountry "EST"]

1. e4 d6 2. d4 Nf6 3. Nc3 g6 4. f3 Bg7 5. Be3 c6 6. Qd2 Nbd7 7. h4 b5 8. g4 Nb6
9. h5 Bb7 10. Bh6 Bxh6 11. Qxh6 Qc7 12. hxg6 fxg6 13. g5 Nh5 14. Rxh5 gxh5 15.
Qxh5+ Kd8 16. Qh6 Qd7 17. Nge2 Qe8 18. Nf4 Bc8 19. O-O-O Kc7 20. d5 b4 21. Nce2
c5 22. Bh3 Bxh3 23. Qxh3 Qf7 24. Ne6+ Kb7 25. f4 h6 26. Rh1 hxg5 27. Qxh8 Rxh8
28. Rxh8 Qf6 29. Rf8 Qh6 30. Nd8+ Ka6 0-1